00346nam a2200121Ia 4500008004100000020001400041050001500055100001700070245006300087260003700150300002400187650001300211150202s9999 xx 000 0 und d a439358078 aFIC bFIC  aRowling J.K. aHarry Potter and the order of the Phoenix /cJ.K. Rowling. aNew York :bLevine Books,c2003. a870 pages :c23 cm. aFiction.